| 000 | 00554nam a2200229Ia 4500 | ||
|---|---|---|---|
| 005 | 20250425162456.0 | ||
| 008 | 250425s9999 xx 000 0 und d | ||
| 020 | _a9780387728520 | ||
| 041 | _aeng | ||
| 082 | _a621.3191 | ||
| 100 | _aWANG, XI-FAN | ||
| 245 | 0 | _aMODERN POWER SYSTEMS ANALYSIS | |
| 250 | _aS.E. | ||
| 260 |
_aEstados Unidos _bSPRINGER _c2008 |
||
| 260 | _aNEW YORK | ||
| 300 | _a559 | ||
| 650 | _aANALISIS DE SISTEMAS DE POTENCIA | ||
| 700 | _aIRVING, MALCOLM | ||
| 700 | _aSONG, YONGHUA | ||
| 942 | _c01 | ||
| 010 | _a76598 | ||
| 999 |
_c230019 _d230019 |
||